00763nam a22001937a 450000500170000001000150001702000300003203500140006203700130007608200100008910000200009924501010011925000080022026000680022827001560029630000720045270000250052470000200054920201217152541.0 aENG-128694 a978-93-534-3744-2c650.00 aEN-112226 bDBAD/PUB a174.4 aFernando, A. C. aBusiness Ethics: an Indian Perspective/cA. C. Fernando, K. P. Muraleedharan, and E. K. Satheesh a3rd aUttar PradeshbPearson India Education Services Pvt. Ltd.c2019 bUttar Pradeshe201301a15th Floor, Tower-B, World Trade Tower, Plot No.- 1, Block-C, Sector-16, Noidamcompanysecretary.india@pearson.comk044-66540100 axxviii+588p.c25cm(pbk)bIncluding illustrations, Tables and Index. aMuraleedharan, K. P. aSatheesh, E. K.